Maiores goleadas de cada Copa do Mundo - Statistics

Estatísticas Gerais
  • Esse quiz foi jogado 76 vezes
  • A pontuação média é 27 de 36
Estatísticas das Respostas
País % Correto
Brasil
100%
Argentina
98%
Argentina
98%
Alemanha
97%
Alemanha Ocidental
97%
Espanha
95%
Uruguai
95%
Uruguai
95%
Inglaterra
90%
Costa Rica
88%
Itália
88%
Portugal
87%
Rússia
83%
Coreia do Sul
82%
Coreia do Norte
80%
Hungria
80%
Estados Unidos
77%
México
77%
Arábia Saudita
75%
Suécia
75%
Panamá
73%
Iugoslávia
72%
El Salvador
65%
Peru
65%
Colômbia
63%
Zaire
63%
Camarões
62%
Tchecoslováquia
62%
Bolívia
58%
Sérvia e Montenegro
58%
Suíça
58%
União Soviética
57%
Cuba
53%
Bulgária
48%
Jamaica
47%
Emirados Árabes Unidos
33%
Nenhum quiz correspondente encontrado
Distribuição das Pontuações
Porcentagem de Pessoas com Cada Pontuação
Percentil de Números Respondidos
Sua Pontuação Histórica
Você não jogou esse quiz